| 000 | 00596nam a2200205 i 4500 | ||
|---|---|---|---|
| 001 | 59156 | ||
| 003 | ES-MaACL | ||
| 007 | t| | ||
| 008 | 031027s1984 sp ||||1| spa d | ||
| 100 | 1 |
_aEliade, Mircea. _946955 |
|
| 245 | 1 | 3 |
_aEl viejo y el funcionario _b: en la calle Mantuleasa / _cMircea Eliade ; traducción de Aurelio Rauta. |
| 250 | _a[1ª ed.]. | ||
| 260 |
_aBarcelona : _bLaia, _c[1984] |
||
| 300 |
_a118 p. ; _c20 cm. |
||
| 490 | 1 | _aLaia literatura | |
| 700 | 1 |
_aRauta, Aurelio. _995558 |
|
| 830 | 0 |
_aLaia literatura _9182566 |
|
| 852 |
_aES-MaACL _jL-4584 |
||
| 999 |
_c59156 _d59156 |
||